000 00611nam a2200169 i 4500
001 69752
003 ES-MaACL
005 20230906170614.0
007 t|
008 040709s1946 sp ||||1| spa d
100 1 _aGarcía González, Aurelio.
_954709
245 1 3 _aEl trigo
_b: su economía y su legislación actual : normas reguladoras de la producción /
_cAurelio García González, José María Mira Izquierdo.
260 _aMadrid :
_b[s.n.,
_c1946] (
_fTalls. Gráfs. "Marsiega")
300 _a470 p. ;
_c25 cm.
700 1 _aMira Izquierdo, José María.
_981458
852 _aES-MaACL
_jB-10707
_bR.22333
999 _c69752
_d69752